| 000 | 00531nam a22001697a 4500 | ||
|---|---|---|---|
| 999 |
_c8969 _d8969 |
||
| 008 | 210308b ||||| |||| 00| 0 eng d | ||
| 040 | _aBMS College of Architecture | ||
| 100 | _aC, Supreetha | ||
| 245 | _aAcademy and centre for performing arts Nagavara | ||
| 300 | _a47p. | ||
| 500 | _a1BM08AT059 | ||
| 502 |
_8B.Arch _NBMS College of Architecture, Visvesvaraya Technological University (VTU) _aProject report _d2013 |
||
| 650 | _aNagavara | ||
| 700 |
_aVaseem A S _eGuide |
||
| 700 |
_aSathish S Rao _eGuide |
||
| 942 |
_2ddc _cTHE |
||